000 00380nam a2200157Ia 4500
008 210716s2010 xx 000 0 und d
020 _a9788131509609
041 _aeng
082 _a330.015195 WOOJ
100 _aWooldridge, Jeffrey M.
245 _aEconometrics.
250 _a1
260 _aNew Delhi
_bCengage Learning
_c2010
300 _a631
650 _aEconomics(330)
999 _c206586
_d206586